00365nam a2200121Ia 4500008004100000020001300041041000800054082001700062100002000079245006200099260004400161300003800205220530s9999 xx 000 0 und d a22293167 aeng a621:050bJHA aJha, Vjay Kumar aInternational Journal of Advance VLSI DesignbVol. 2 to 4 aNew DelhibResearch Science Pressc2012 bHBbJanuary 2012 To December 2014